Maya Hawke - Animal Enough (Lyrics) - Statistics

General Stats
  • This quiz has been taken 13 times
  • The average score is 169 of 214
Answer Stats
Answer % Correct
a
100%
A
100%
animal
100%
enough
100%
I
100%
in
100%
is
100%
my
100%
No
100%
one
100%
the
100%
to
100%
up
100%
And
90%
body
90%
don't
90%
mind
90%
so
90%
space
90%
take
90%
wanna
90%
behind
80%
for
80%
hobby
80%
I've
80%
like
80%
me
80%
That
80%
way
80%
you
80%
your
80%
But
70%
down
70%
every
70%
find
70%
got
70%
hope
70%
Hope
70%
lie
70%
occupy
70%
see
70%
some
70%
something
70%
time
70%
too
70%
Traded
70%
what
70%
about
60%
after
60%
am
60%
away
60%
before
60%
eyes
60%
hand
60%
Leads
60%
lies
60%
memory
60%
mouth
60%
much
60%
options,
60%
over
60%
single
60%
slip
60%
street
60%
talk
60%
walking
60%
Without
60%
eagle
50%
free
50%
Giving
50%
muscle
50%
"Nevermind"
50%
them
50%
impatiently
40%
loving
40%
leaves
30%
shout
30%
whimper
30%
No matching quizzes found
Score Distribution
Percent of People with Each Score
Percentile by Number Answered
Your Score History
You have not taken this quiz